01275nas a2200289Ia 4500001001100000003000900011008004100020040001300061040001300074041001200087100004600099210001400145222001400159245008300173250001100256260003600267501008600303300001700389362002700406500021800433650003900651700001900690700002900709942000700738999001900745952022100764R703/E6392IT-RoPAU151124c99999999xx |||||||||||| ||und|| aIT-RoPAU cIT-RoPAU aINGLESE aMortensen ChrisgCodice Aut. SPICS: 48893 aSEMIOTICA aSemiotica aSEMIOTICA, VOL. 115-N.1/2 (1997)bSemiotics And The Foundations Of Mathematics a1a ed. aBERLINbMOUTON DE GRUYTERc1997 bPaulus - SPICS - Società San Paolo EM (non-commercial uses only)cCopyright2015 a25 p. [1-25] aVOL. 115, N.1/2 (1997) aSemiotica e Fondamenti di Matematica. Semiotica di Saussure. Filosofia Analitica di Matematica. Valore di Matematica e Numero in Brian Rotman. Caso Speciale Dello Zero. Ad Infinitum di Rotman. Matematica Generale. aSEMIOTICAvPUBBLICAZIONE PERIODICA aRoberts Lesley gCodice Aut. SPICS: 48894 cCR c181102d181102 0010406R_703_000000000000000_E639271aSPICSbSPICSd2015-11-25l0oR703/E6392r2015-11-25 00:00:00w2015-11-25yCRzProgr. Ins: 90781 / Copia rara: NO / date import: 25.11.2015 / By Epidotti, Trombetti, Vaglietti